|
|
|
|
| LEADER |
01236nam a2200325 a 4500 |
| 001 |
EBC3340003 |
| 003 |
MiAaPQ |
| 005 |
20200520144314.0 |
| 006 |
m o d | |
| 007 |
cr cn||||||||| |
| 008 |
090803s2002 riu s 000 0 eng d |
| 020 |
|
|
|z 9781932353020
|
| 035 |
|
|
|a (MiAaPQ)EBC3340003
|
| 035 |
|
|
|a (Au-PeEL)EBL3340003
|
| 035 |
|
|
|a (CaPaEBR)ebr10035719
|
| 035 |
|
|
|a (OCoLC)923252276
|
| 040 |
|
|
|a MiAaPQ
|c MiAaPQ
|d MiAaPQ
|
| 050 |
|
4 |
|a HF5415.1265
|b .T67 2002
|
| 245 |
0 |
0 |
|a Top 25 case studies on marketing with email newsletters
|h [electronic resource] /
|c managing editor, Alexis D. Gutzman ; publisher, Anne Holland.
|
| 260 |
|
|
|a Portsmouth, R.I. :
|b MarketingSherpa, Inc.,
|c 2002.
|
| 300 |
|
|
|a [4], 194 p.
|
| 490 |
0 |
|
|a Practical know-how & case studies
|
| 533 |
|
|
|a Electronic reproduction. Ann Arbor, MI : ProQuest, 2015. Available via World Wide Web. Access may be limited to ProQuest affiliated libraries.
|
| 650 |
|
0 |
|a Internet marketing.
|
| 650 |
|
0 |
|a Electronic mail systems.
|
| 655 |
|
4 |
|a Electronic books.
|
| 700 |
1 |
|
|a Gutzman, Alexis D.
|
| 700 |
1 |
|
|a Holland, Anne.
|
| 710 |
2 |
|
|a ProQuest (Firm)
|
| 856 |
4 |
0 |
|u https://ebookcentral.proquest.com/lib/matrademy/detail.action?docID=3340003
|z Click to View
|